Eschatologie: Ewiges Leben

Annäherungen an Bilder und Metaphern der Ewigkeit. Das Ewige Leben in biblischen Bildern und Metaphern wahrnehmen lernen. Das Amen mit Erklärungen in den Katechismen interpretieren lernen. Der Gewissheit der Auferstehung in einer Denkskizze nachgehen.

Saved in:  
Bibliographic Details
Authors: Schoberth, Ingrid 1958- (Author) ; Kowaltschuk, Ina (Author)
Format: Print Article
Language:German
Check availability: HBZ Gateway
Interlibrary Loan:Interlibrary Loan for the Fachinformationsdienste (Specialized Information Services in Germany)
Published: 2008
In: Zehn Lernwege für den Religionsunterricht ab Klasse 10
Year: 2008, Pages: 132-144
Standardized Subjects / Keyword chains:B Religious instruction / Secondary school level
Further subjects:B Lesson unit

MARC

LEADER 00000caa a2200000 c 4500
001 1474199755
003 DE-627
005 20220601132004.0
007 tu
008 140416s2008 xx ||||| 00| ||ger c
020 |a 9783525776506 
035 |a (DE-627)1474199755 
035 |a (DE-576)404199755 
035 |a (DE-599)BSZ404199755 
040 |a DE-627  |b ger  |c DE-627  |e rakwb 
041 |a ger 
084 |a 1  |2 ssgn 
100 1 |0 (DE-588)112856233  |0 (DE-627)390350826  |0 (DE-576)16925612X  |4 aut  |a Schoberth, Ingrid  |d 1958- 
109 |a Schoberth, Ingrid 1958-  |a Schoberth, I. 1958- 
245 1 0 |a Eschatologie: Ewiges Leben  |c Ingrid Schoberth in Zusammenarbeit mit INa Kowaltschuk 
264 1 |c 2008 
336 |a Text  |b txt  |2 rdacontent 
337 |a ohne Hilfsmittel zu benutzen  |b n  |2 rdamedia 
338 |a Band  |b nc  |2 rdacarrier 
520 |a Annäherungen an Bilder und Metaphern der Ewigkeit. Das Ewige Leben in biblischen Bildern und Metaphern wahrnehmen lernen. Das Amen mit Erklärungen in den Katechismen interpretieren lernen. Der Gewissheit der Auferstehung in einer Denkskizze nachgehen. 
601 |a Eschatologie 
655 7 |a Unterrichtseinheit  |0 (DE-588)4187074-8  |0 (DE-627)104362839  |0 (DE-576)210043393  |2 gnd-content 
689 0 0 |d s  |0 (DE-588)4049422-6  |0 (DE-627)106187074  |0 (DE-576)209081996  |2 gnd  |a Religionsunterricht 
689 0 1 |d s  |0 (DE-588)4054367-5  |0 (DE-627)106162985  |0 (DE-576)20910841X  |2 gnd  |a Sekundarstufe 2 
689 0 |5 (DE-627) 
700 1 |a Kowaltschuk, Ina  |4 aut 
773 0 8 |i In  |a Schoberth, Ingrid, 1958 -   |t Zehn Lernwege für den Religionsunterricht ab Klasse 10  |d Göttingen : Vandenhoeck & Ruprecht, 2008  |g (2008), Seite 132-144  |h 144 S.  |w (DE-627)573739064  |w (DE-576)284704652  |z 3525776500  |z 9783525776506  |z 9783525776193  |7 nnam 
773 1 8 |g year:2008  |g pages:132-144 
951 |a AR 
ELC |b 1 
ORI |a SA-MARC-ixtheo_oa001.raw 
STA 0 0 |a Religious instruction,Religious didactics,Religion teaching,Religion,Secondary school level,Upper secondary school level,Gymnasium,Sekundarstufe, 2,School year, 11-13 
STB 0 0 |a Enseignement de la religion,Enseignement secondaire second degré,Lycée (France),Lycée 
STC 0 0 |a Enseñanza religiosa,Nivel 2 de la escuela secundaria 
STD 0 0 |a Insegnamento della religione,Lezione di religione,Religione (materia),Lezione di religione,Religione,Scuola secondaria di secondo grado 
STE 0 0 |a 宗教课程,宗教课,宗教教学 
STF 0 0 |a 宗教課程,宗教課,宗教教學 
STG 0 0 |a Ensino religioso,Nível 2 do ensino médio 
STH 0 0 |a Преподавание религии,Средняя школа второй ступени 
STI 0 0 |a Δευτεροβάθμια εκπαίδευση δεύτερου βαθμού,Θρησκευτικά (μάθημα) 
SYG 0 0 |a Glaubensunterweisung,Religionsdidaktik,Religionslehre , Schuljahr 11-13,Sekundarstufe II